Guess the random Taylor Swift Song Lyrics 7 - Statistics

General Stats
  • This quiz has been taken 31 times
  • The average score is 344 of 450
Answer Stats
Answer % Correct
a
97%
I
97%
(I
97%
In
97%
in
97%
an
93%
and
93%
And
93%
he
93%
me
93%
my
93%
(my
93%
the
93%
to
93%
we
93%
(we
93%
You
93%
you
93%
you)
93%
be
90%
it
90%
that
90%
was
90%
do
86%
do)
86%
for
86%
i'm
86%
I'm
86%
No
86%
(no
86%
of
86%
so
86%
So
86%
are
83%
Are
83%
is
83%
know
83%
know)
83%
love
83%
one
83%
then
83%
time
83%
with
83%
dreams
79%
dreams)
79%
go
79%
like
79%
Like
79%
middle
79%
night
79%
(night)
79%
see
79%
should
79%
things
79%
too
79%
all
76%
baby
76%
Baby
76%
(baby)
76%
how
76%
this
76%
him
72%
if
72%
Oh
72%
saw
72%
alone
69%
But
69%
but
69%
first
69%
gon'
69%
gonna
69%
has
69%
never
69%
Never
69%
ready
69%
ta
69%
take
69%
you'll
69%
at
66%
can
66%
don't
66%
down
66%
girls
66%
had
66%
Knew
66%
left
66%
man
66%
off
62%
some
62%
Some
62%
We'll
62%
haunted
59%
he's
59%
killer
59%
low
59%
now
59%
Touch
59%
Every
55%
Island
55%
island
55%
I've
55%
let
55%
Let
55%
lights
55%
many
55%
begin
52%
boys
52%
games
52%
hard
52%
loved
52%
move
52%
sayin'
52%
their
52%
act
48%
breeze
48%
failure
48%
forever
48%
Holdin'
48%
join
48%
known
48%
phantom
48%
same
48%
sorry
48%
such
48%
Taylor
48%
try
48%
vendetta
48%
very
48%
forget
45%
ghost
45%
hearts
45%
heist
45%
nothing
45%
ransom
45%
robber
45%
Stealing
45%
tame
45%
thief
45%
though
45%
tryin'
45%
Wondered
45%
better
41%
comparison
41%
keep
41%
names
41%
running
41%
than
41%
exes
38%
Younger
38%
jailer
31%
Burton
28%
eh
21%
hmm
10%
No matching quizzes found
Score Distribution
Percent of People with Each Score
Percentile by Number Answered
Your Score History
You have not taken this quiz